000
00255nam a2200109Ia 4500
005
20260328104304.0
008
260328s9999||||xx |||||||||||||| ||und||
100
_a
Sófocles
245
0
_a
Tragedias /
_c
Sófocles
260
_b
Biblioteca Edaf
942
_c
BK
999
_c
10695
_d
10695